Statistics for Queen Song Titles by Description

Click here to take the quiz!

General Stats

  • This quiz has been taken 14 times
  • The average score is 12 of 35

Answer Stats

HintAnswer% Correct
You must not end me at this moment in timeDon't Stop me Now
80%
A certain gender has a derogatory term for overweight to describe a certain part of her lower bodyFat Bottomed Girls
80%
Member of the Royal Family that murders peopleKiller Queen
80%
Multiple people including myself are the winnersWe Are the Champions
80%
An enthusiastic expression of feeling about a region in the Czech RepublicBohemian Rhapsody
70%
The abbreviated version of the year WWII started'39
60%
A 2 wheeled vehicle without a motor with handlebars and pedals is in a competition to see who is fastestBicycle Race
60%
A transmission device used to communicate or play something with frequencies talks like a babyRadio Ga Ga
50%
Multiple people including myself will do a certain genre of music to someoneWe Will Rock You
50%
A tool used to knock nails into something is going to move downwardHammer to Fall
40%
Taking part in an activity like a sportPlay the Game
40%
Rescue someone in particularSave Me
40%
The action of fastening a certain maternal family member a certain directionTie Your Mother Down
40%
The action of being directly below a continuous forceUnder Pressure
40%
The person I'm talking about is the greatest person in a relationshipYou're my Best Friend
40%
Something both insane and extremely small that is named after a deep emotionCrazy Little Thing Called Love
30%
You must not attempt to harm yourself in a fatal wayDon't Try Suicide
30%
A particularly fast DC superheros main songFlash's Theme
30%
A certain type of entertainment needs to continue to happenThe Show Must Go On
30%
Multiple of a certain thing does the first process of the digestion system on tiny particles that clump upAnother One Bites the Dust
20%
A certain gender that feels very deeply is positive intentioned, well dressed, and has been around for a long timeGood Old Fashioned-Lover Boy
20%
An allusive or vague remark or hintInnuendo
20%
Having a desire to disconnect without payingI Want to Break Free
20%
Member of the royal family that is a certain color has a walk with a measured tread, usually seen in the militaryMarch of the Black Queen
20%
There is a particular number between 6 and 8 of bodies of water smaller than oceans made of the Word Of GodSeven Seas of Rhye
20%
A grown up version of a certain gender can't be seenThe Invisible Man
20%
Member of the Royal Family that is a certain colorWhite Queen
20%
A certain type of an unbelievable thing that a big focus for people like Penn & Teller or David CopperfieldA Kind of Magic
10%
Being killed while on a certain number of limbsDeath on Two Legs
10%
The action of feeling wellDoing All Right
10%
Something is after the original planned timeIt's Late
10%
The need to continue having possession of your own existenceKeep Yourself Alive
10%
A person that you feel deeply about is the reason that you continue to breatheLove of my Life
10%
Feeling really deeply about a personSomebody to Love
10%
The period of time that is dark in a 24 hour cycle has fallenThe Night Comes Down
10%

Score Distribution

Percentile by Number Answered

Percent of People with Each Score

Your Score History

You have not taken this quiz